01307cam a2200349 a 45000010008000000030005000080050017000130080041000300100017000710200034000880400018001220500021001400820015001611000038001762450128002142600044003423000021003864400033004075000120004405040029005606500050005896500036006396500031006756500028007066500023007346500023007576500022007806500021008026510070008236550033008936550031009262333766Nust20170221122842.0821214s1983 nyu b s000 1 eng  a 82024541  a9780142437261 (pbk.) :c$2.25 aDLCcDLCdDLC10aPS1868b.A1 198300a813.3bHAW1 aHawthorne, Nathaniel,d1804-1864.14aThe scarlet letter :ba romance /cNathaniel Hawthorne ; with an introduction by Nina Baym and notes by Thomas E. Connolly. aNew York, N.Y. :bPenguin Books,c1983. a238 p. ;c18 cm. 4aThe Penguin American library aThe text is that of the Centenary ed. of the works of Nathaniel Hawthorne published by Ohio State University Press. aBibliography: p. 25-[26] 0aTriangles (Interpersonal relations)vFiction. 0aIllegitimate childrenvFiction. 0aWomen immigrantsvFiction. 0aMarried womenvFiction. 0aPuritansvFiction. 0aAdulteryvFiction. 0aRevengevFiction. 0aClergyvFiction. 0aBoston (Mass.)xHistoryyColonial period, ca. 1600-1775vFiction. 7aPsychological fiction.2lcsh 7aHistorical fiction.2gsafd